[Event "Vienna op"]
[Site "Vienna"]
[Date "1996.??.??"]
[Round "3"]
[White "Hickl, Joerg"]
[Black "Blatny, Pavel"]
[Result "1-0"]
[WhiteElo "2600"]
[BlackElo "2490"]

1.g3 d5 2.Bg2 c6 3.Nf3 Bg4 4.b3 Nd7 5.Bb2 Ngf6 6.O-O e6 7.d3 Bd6 8.Nbd2 Qe7
9.a3 O-O 10.h3 Bh5 11.c4 Rad8 12.b4 Bb8 13.Qc2 Rfe8 14.Rfe1 e5 15.e4 dxe4
16.dxe4 c5 17.Nh4 Nf8 18.Nf5 Qd7 19.Nb3 Ne6 20.Nxc5 Nxc5 21.bxc5 Qc6 22.a4 Nd7
23.g4 Bg6 24.Rad1 Rc8 25.Rd5 Nxc5 26.Ba3 Nxa4 27.Ra5 b5 28.Ne7+ Rxe7 29.Bxe7 a6
30.Qb1 Bc7 31.cxb5 axb5 32.Qxb5 Bxa5 33.Qxa5 Qe6 34.Ba3 Nb6 35.Rd1 f6 36.Bc5 Nc4
37.Qb5 Be8 38.Qb4 Bf7 39.Bf1 Qa6 40.Rc1  1-0

[Event "Vienna op"]
[Site "Vienna"]
[Date "1996.??.??"]
[Round "5"]
[White "Sinkovics, Peter"]
[Black "Blatny, Pavel"]
[Result "0-1"]
[WhiteElo "2405"]
[BlackElo "2490"]

1.d4 Nf6 2.Nf3 d6 3.c4 g6 4.Nc3 Bf5 5.Bg5 Bg7 6.e3 Ne4 7.Nxe4 Bxe4 8.Bd3 Bxd3
9.Qxd3 c5 10.O-O Nc6 11.Rab1 O-O 12.d5 Nb4 13.Qb3 Rb8 14.a3 Na6 15.Qc2 Qd7
16.b4 cxb4 17.axb4 Rfc8 18.Qa2 Bc3 19.b5 Nc5 20.Rfc1 Bg7 21.Nd4 Ra8 22.f3 a5
23.b6 Nd3 24.Rc3 Nb4 25.Qa3 Bxd4  0-1

[Event "Yerevan ol (Men)"]
[Site "Yerevan"]
[Date "1996.??.??"]
[Round "2"]
[White "Blatny, Pavel"]
[Black "Hoang Than Trang"]
[Result "1-0"]
[WhiteElo "2490"]
[BlackElo "2360"]

1.Nf3 d5 2.b3 Nf6 3.g3 e6 4.Bb2 Be7 5.Bg2 O-O 6.O-O c5 7.e3 b6 8.d3 Bb7 9.c4 Nc6
10.Nc3 Rc8 11.Qd2 Qc7 12.Rad1 dxc4 13.bxc4 Rcd8 14.Qe2 Qb8 15.Ne1 Nb4 16.e4 Nc6
17.Nc2 a6 18.f4 Nd4 19.Nxd4 cxd4 20.Nb1 b5 21.Nd2 Bb4 22.cxb5 axb5 23.g4 Qa7
24.g5 Nd7 25.Qf2 e5 26.Nf3 exf4 27.Bxd4 Bc5 28.Bxc5 Qxc5 29.d4 Qe7 30.Rfe1 f6
31.Qh4 fxg5 32.Qxg5 Nf6 33.d5 Qc5+ 34.Kh1 Rde8 35.Nh4 Bc8 36.Bf3 h6 37.Qg2 Re5
38.Qb2 Rg5 39.Rc1 Qa7 40.d6 Ng4 41.Bxg4 Bxg4 42.Qb3+ Kh8 43.Nf3 Rh5 44.Rg1 Qd7
45.Rg2 Bxf3 46.Qxf3 Rh3 47.Qd1 f3 48.Rf2 Rd8 49.e5 Qe6 50.Rc5 Rh5 51.Qd5 Rxd6
52.Qxd6 Qxd6  1-0

[Event "Yerevan ol (Men)"]
[Site "Yerevan"]
[Date "1996.??.??"]
[Round "3"]
[White "Hossain, Enamul"]
[Black "Blatny, Pavel"]
[Result "0-1"]
[WhiteElo "2255"]
[BlackElo "2490"]

1.e4 g6 2.d4 c6 3.Nc3 d5 4.e5 h5 5.Nf3 Nh6 6.Bg5 Nf5 7.Qd2 a5 8.Ne2 Na6 9.Ng3 Bd7
10.Bd3 Nxg3 11.hxg3 Nb4 12.Nh4 Nxd3+ 13.Qxd3 Qb6 14.O-O-O Qb5 15.Qe3 Be6
16.Kb1 Ra6 17.Rdf1 Rb6 18.b3 a4 19.f4 Rg8 20.Rf2 Ra6 21.f5 gxf5 22.Bf4 Kd7
23.Nf3 Rh8 24.Qe2 axb3 25.cxb3 Qb6 26.Qc2 Bg7 27.Rd2 Qa7 28.Re1 Qa8 29.Nh4 Qg8
30.Nxf5 Qh7 31.Nh4 Qxc2+ 32.Rxc2 b6 33.Kb2 Rc8 34.a3 c5 35.Rec1 c4 36.b4 Bg4
37.Re1 Rca8 38.Rc3 e6 39.Ree3 Bf8 40.Nf3 Bf5 41.Ne1 Bxb4 42.axb4 Ra1 43.Ra3 R8xa3
44.Rxa3 Rxe1 45.Ra7+ Kc6 46.Rxf7 Re2+ 47.Kc1 Kb5 48.Kd1 Bg4  0-1

[Event "Yerevan ol (Men)"]
[Site "Yerevan"]
[Date "1996.??.??"]
[Round "6"]
[White "Aguilar, Juan"]
[Black "Blatny, Pavel"]
[Result "0-1"]
[WhiteElo "2305"]
[BlackElo "2490"]

1.d4 Nf6 2.Nf3 d6 3.Bf4 g6 4.e3 Bg7 5.h3 c5 6.c3 b6 7.Be2 Bb7 8.O-O O-O 9.a4 Nc6
10.Na3 Rc8 11.Re1 Rc7 12.Nc4 Rd7 13.Qb3 Ba6 14.Qa3 Qc8 15.Nfd2 Rfd8 16.Bh2 cxd4
17.exd4 e5 18.Nf3 Bf8 19.Qb3 exd4 20.cxd4 Rc7 21.Bf4 Nxd4 22.Nxd4 Bxc4 23.Bxc4 Rxc4
24.Bg5 Bg7 25.Rac1 d5 26.Qf3 Ne4 27.Rxc4 Qxc4 28.Bxd8 Bxd4 29.b3 Qb4 30.Re2 Nxf2
31.Qxd5 Nxh3+ 32.Kh2 Nf4 33.Re8+ Kg7 34.Qe4 Ne6 35.Kh1 Qc3 36.Rxe6 fxe6 37.Qxe6 Qc1+
38.Kh2 Bg1+ 39.Kh3 Qe3+ 40.Qxe3 Bxe3 41.Kg4 Kf7 42.Kf3 Bg1 43.Ke4 Ke6 44.Bc7 Bc5
45.g4 h5 46.gxh5 gxh5 47.Bg3 a6 48.Be1 Be7 49.Bf2 Bd8 50.Bg3 h4 51.Bh2 h3
52.Kf3 Kd7 53.Kg4 Bc7 54.Bxc7 Kxc7 55.Kxh3 Kc6  0-1

[Event "Yerevan ol (Men)"]
[Site "Yerevan"]
[Date "1996.??.??"]
[Round "10"]
[White "Lobron, Eric"]
[Black "Blatny, Pavel"]
[Result "1/2-1/2"]
[WhiteElo "2585"]
[BlackElo "2490"]

1.d4 Nf6 2.Nf3 d6 3.c4 g6 4.Nc3 Bf5 5.g3 Bg7 6.Bg2 c6 7.O-O Ne4 8.Qb3 Qc7
9.Nd1 c5 10.d5 Bd7 11.Qd3 Nf6 12.Nc3 Na6 13.Bf4 Rd8 14.Rad1 Qb8 15.h3 O-O
16.e4 Qc8 17.Kh2 h6 18.Qe2 g5 19.Bc1 Qb8 20.Ne1 e5 21.Nc2 Nc7 22.f4 exf4
23.gxf4 Nh7 24.Rd3 Rde8 25.Rg3 Qd8 26.Qh5 b5 27.e5 Bf5 28.Be4 Bg6 29.Qd1 gxf4
30.Bxf4 Rxe5 31.Bxg6 fxg6 32.Rxg6 Qe8 33.Rg2 Rh5 34.Ne4 Ng5 35.Nxg5 hxg5
36.Bxd6 Rxf1 37.Qxf1 Qd7 38.Bxc7 Rxh3+ 39.Kg1 Qxc7 40.Qf5 Rh5 41.Qe6+ Qf7
42.cxb5 Bxb2 43.Rf2 Qxe6 44.dxe6 Rh7 45.Rf5 Re7 46.Rxg5+ Rg7 47.Rg2 Kf8 48.a4 Ke7
49.a5 Rxg2+ 50.Kxg2 Be5 51.Kf3 Bc7 52.a6 Kxe6 53.Ke4 Kd6 54.Na3 c4 55.Kd4 Bb6+
56.Kxc4 Bf2 57.Nc2 Bc5 58.Ne1 Bb6 59.Nd3 Be3 60.Nb4 Bb6 61.Nd5 Bf2 62.b6 Bxb6
63.Nxb6 Kc7 64.Nd5+ Kb8 65.Kb5 Ka8 66.Kc6 Kb8 67.Nb6 axb6 68.Kxb6 Ka8 69.a7  1/2-1/2

[Event "Yerevan ol (Men)"]
[Site "Yerevan"]
[Date "1996.??.??"]
[Round "12"]
[White "Nadanian, Ashot"]
[Black "Blatny, Pavel"]
[Result "1/2-1/2"]
[WhiteElo "2325"]
[BlackElo "2490"]

1.d4 Nf6 2.c4 d6 3.Nc3 Nbd7 4.Nf3 e5 5.Bg5 Be7 6.e3 c6 7.Qc2 a6 8.O-O-O Qa5
9.Kb1 O-O 10.Bd3 Re8 11.h3 Nf8 12.c5 dxc5 13.Nxe5 Nd5 14.Bxe7 Nxc3+ 15.Qxc3 Qxc3
16.bxc3 Rxe7 17.Nc4 cxd4 18.Nb6 Rb8 19.cxd4 Be6 20.Rd2 Rd8 21.Rc1 Nd7 22.Rb2 Nxb6
23.Rxb6 Bd5 24.g3 g6 25.Rc2 Bf3 26.Kc1 Kf8 27.Kd2 Rd5 28.Bc4 Rdd7 29.Kc3 Ke8
30.Kb4 Kd8 31.Rb2 Bd5 32.Be2 Bg2 33.h4 Rd5 34.Bc4 Rf5 35.a4 c5+ 36.dxc5 Rc7
37.Rd2+ Ke7 38.a5 h5 39.e4 Rfxc5 40.Rd4 Bh3 41.f4 Bg4 42.Bb3 Bf3 43.e5 Be2
44.e6 f6 45.Rd7+ Rxd7 46.exd7 Rb5+ 47.Rxb5 Bxb5 48.Bf7 Kxd7 49.Bxg6 Be2 50.Kc5 Kc7
51.Bf5 Bf3 52.Bh3 Bd1 53.Bg2 Bg4 54.Bd5 Bd1 55.Be6 Bf3 56.Bc4 Bg4 57.Bd3 Bf3
58.f5 Bg4 59.Kd5 Kd7 60.Be4 Bd1 61.Kc5 Kc7 62.Bd3 Bg4 63.Bb1 Bd1 64.Ba2 Bg4
65.Bf7 Bf3 66.Bg6 Bd1 67.Kd5 Kd7 68.Bh7 Bf3+ 69.Kc5 Kc7 70.Bg8 Bg4 71.Be6 Bd1
72.Bd5 Bg4 73.Be4 Bd1 74.Bg2 Bg4 75.Kd5 Kd7 76.Be4 Bd1  1/2-1/2

[Event "CZE-ch"]
[Site "Zlin"]
[Date "1997.06.??"]
[Round "11"]
[White "Blatny, Pavel"]
[Black "Kalod, Radek"]
[Result "1/2-1/2"]
[WhiteElo "2540"]
[BlackElo "2455"]

1.Nf3 Nf6 2.b3 g6 3.Bb2 Bg7 4.g3 b6 5.Bg2 Bb7 6.c4 c5 7.O-O O-O 8.d3 d6 9.Nc3 a6
10.Qd2 Nbd7 11.Rad1 Rb8 12.d4 cxd4 13.Nxd4 Bxg2 14.Kxg2 Qc7 15.f3 Qb7 16.e4 Rfe8
17.Rfe1 Rbc8 18.Re2 Rc5 19.a4 Rcc8 20.Nd5 Nc5 21.Qb4  1/2-1/2

[Event "Bayern-chI Bank Hofmann"]
[Site "Bad Wiessee"]
[Date "1997.11.16"]
[Round "2"]
[White "Blatny, Pavel"]
[Black "Beckmann, Klaus"]
[Result "1-0"]
[WhiteElo "2555"]
[BlackElo "2265"]

1.Nf3 Nf6 2.b3 d5 3.g3 e6 4.Bg2 Be7 5.Bb2 c5 6.e3 O-O 7.O-O Nc6 8.d3 b6 9.c4 Bb7
10.Nc3 dxc4 11.bxc4 Rc8 12.Qe2 Rc7 13.Rad1 Rd7 14.Rd2 Qa8 15.Rfd1 Rc8 16.Ne1 Na5
17.f4 Bxg2 18.Nxg2 Rcd8 19.Nh4 a6 20.Nf3 Nc6 21.h3 Qb7 22.g4 b5 23.g5 Ne8
24.cxb5 axb5 25.Ne4 Qb6 26.h4 Nd6 27.Nf6+ Bxf6 28.gxf6 g6 29.h5 Nf5 30.hxg6 fxg6
31.Ng5 Nb4 32.Be5 h6 33.Nf3 c4 34.dxc4 Rxd2 35.Rxd2 Rxd2 36.Qxd2 bxc4 37.Kh2 Nd3
38.Qg2 Kf7 39.e4 Ne3 40.Qh3 Kg8 41.Bd4 Qa6 42.Bxe3 Qxa2+ 43.Nd2  1-0

[Event "Bayern-chI Bank Hofmann"]
[Site "Bad Wiessee"]
[Date "1997.11.17"]
[Round "3"]
[White "Lentrodt, Thomas"]
[Black "Blatny, Pavel"]
[Result "0-1"]
[WhiteElo "2280"]
[BlackElo "2555"]

1.d4 Nf6 2.Nf3 d6 3.c4 g6 4.Nc3 Bf5 5.e3 Bg7 6.Bd3 Bxd3 7.Qxd3 O-O 8.O-O Nbd7
9.b3 e5 10.Bb2 Re8 11.Qc2 exd4 12.exd4 d5 13.Rfe1 Rxe1+ 14.Rxe1 Rc8 15.c5 c6
16.b4 a6 17.a4 Ne8 18.Nb1 Nc7 19.Nbd2 Ne6 20.Nb3 Ndf8 21.Bc1 Rc7 22.Qd3 Re7
23.Kf1 Qe8 24.Bd2 Nd7 25.b5 axb5 26.axb5 Nf6 27.bxc6 bxc6 28.Qa6 Ne4 29.Be3 f5
30.Rd1 f4 31.Bc1 g5 32.Na5 Rc7 33.Qb6 g4 34.Ng1 Rc8 35.f3 g3 36.h3 Nf2 37.Re1 Nd3
38.Rd1 Nxc1 39.Rxc1 Nxd4 40.Re1 Qg6 41.Qa6 Re8 42.Rxe8+ Qxe8 43.Qd3 Qa8 44.Qd2 Qa6+
45.Ke1 Qb5 46.h4 Qb1+ 47.Qd1 Nc2+ 48.Ke2 Qb5+  0-1

[Event "Bayern-chI Bank Hofmann"]
[Site "Bad Wiessee"]
[Date "1997.11.19"]
[Round "5"]
[White "Ashley, Maurice"]
[Black "Blatny, Pavel"]
[Result "1-0"]
[WhiteElo "2445"]
[BlackElo "2555"]

1.e4 g6 2.d4 c6 3.c4 d5 4.cxd5 cxd5 5.exd5 Nf6 6.Bb5+ Nbd7 7.Nc3 a6 8.Bxd7+ Bxd7
9.Qb3 b5 10.Nf3 Bg7 11.O-O O-O 12.Re1 a5 13.Ne5 b4 14.Ne4 Rc8 15.Bg5 Be8
16.d6 Nxe4 17.Bxe7 Qb6 18.Rxe4 a4 19.Qd5 Qb5 20.Qxb5 Bxb5 21.d7 Bxd7 22.Nxd7 Rfe8
23.Ree1 Rxe7 24.Rxe7 Bxd4 25.Re4 Bxb2 26.Rb1 Ba3 27.Nb6 Rc2 28.Nxa4  1-0

[Event "Bayern-chI Bank Hofmann"]
[Site "Bad Wiessee"]
[Date "1997.11.20"]
[Round "6"]
[White "Blatny, Pavel"]
[Black "Naiditsch, Arkadij"]
[Result "1-0"]
[WhiteElo "2555"]
[BlackElo "2175"]

1.Nf3 Nf6 2.b3 g6 3.Bb2 Bg7 4.g3 c5 5.Bg2 d5 6.e3 Nc6 7.O-O O-O 8.d3 d4 9.exd4 cxd4
10.Nbd2 Nd5 11.a3 Nc3 12.Qe1 Bg4 13.h3 Bd7 14.Ne4 Nxe4 15.dxe4 e5 16.Kh2 f5
17.Rd1 Qa5 18.exf5 Qxe1 19.Rfxe1 Bxf5 20.Re2 Rae8 21.Ng5 e4 22.g4 h6 23.gxf5 gxf5
24.Nxe4 fxe4 25.Kg1 e3 26.Bd5+ Kh8 27.Bxc6 bxc6 28.Bxd4 Bxd4 29.Rxd4 exf2+
30.Rxf2 Re1+ 31.Kg2 Rfe8 32.Rd6 Rg8+ 33.Kh2 Rgg1 34.Rxh6+ Kg7 35.Rxc6 Rh1+
36.Kg3 Re3+ 37.Rf3 Rxh3+ 38.Kxh3 Rxf3+ 39.Kg4 Rf7 40.Kg5  1-0

[Event "Bayern-chI Bank Hofmann"]
[Site "Bad Wiessee"]
[Date "1997.11.22"]
[Round "8"]
[White "Blatny, Pavel"]
[Black "Wendt, Rene"]
[Result "1-0"]
[WhiteElo "2555"]
[BlackElo "2290"]

1.Nf3 c5 2.e3 d5 3.b3 Nf6 4.Bb2 a6 5.g3 Nc6 6.Bg2 e6 7.O-O Bd6 8.c4 O-O 9.d4 cxd4
10.cxd5 exd5 11.Nxd4 Bg4 12.f3 Be6 13.Nc3 Nxd4 14.Qxd4 Qe7 15.Rac1 Rac8 16.Ne2 Bc5
17.Qd2 Bd7 18.Nd4 Rfe8 19.Kf2 h5 20.Rg1 h4 21.Bf1 Bd6 22.Rxc8 Bxc8 23.Bd3 hxg3+
24.hxg3 Nh5 25.Ne2 Qg5 26.Bd4 Bd7 27.a4 Re6 28.Qa5 Rh6 29.f4 Qe7 30.Qxd5 Nf6
31.Bxf6 Qxf6 32.Qxb7 Bg4 33.Qa8+ Bf8 34.Rh1 Rxh1 35.Qxh1 g6 36.Nd4 Qb6 37.Qc6 Qb4
38.Be2 Bh3 39.Qxa6 Qd2 40.Qd3 Qa2 41.Qc2 Qa1 42.Qd1 Qa2 43.Qh1 Bg4 44.Qd1 Bd7
45.Qc2 Qa1 46.Qc7 Bh3 47.Bc4 Qb2+ 48.Ne2  1-0

[Event "Corsica rap op"]
[Site "Corsica"]
[Date "1997.??.??"]
[Round "1"]
[White "Daloz, Jean Michel"]
[Black "Blatny, Pavel"]
[Result "0-1"]
[WhiteElo "2180"]
[BlackElo "2555"]

1.d4 Nf6 2.c4 d6 3.Nf3 g6 4.Nc3 Bf5 5.Qb3 Qc8 6.h3 Bg7 7.g4 Bd7 8.Bg2 Nc6
9.Qd1 e5 10.d5 Ne7 11.Be3 b6 12.Qd2 h5 13.g5 Nh7 14.Nh4 O-O 15.a4 Re8 16.a5 Nf8
17.Nb5 Nf5 18.Nxf5 gxf5 19.f4 Ng6 20.O-O Bxb5 21.cxb5 Qd7 22.Rac1 Qxb5 23.Rxc7 exf4
24.Bd4 Rxe2 25.Qc3 Rxg2+  0-1

[Event "Corsica rap op"]
[Site "Corsica"]
[Date "1997.??.??"]
[Round "2"]
[White "Blatny, Pavel"]
[Black "Fontaine, Robert"]
[Result "1-0"]
[WhiteElo "2555"]
[BlackElo "2395"]

1.Nf3 d5 2.b3 Bg4 3.e3 Nd7 4.Bb2 Ngf6 5.Be2 e6 6.d3 Bd6 7.Nbd2 O-O 8.Nh4 Bxe2
9.Qxe2 c5 10.g3 Rc8 11.O-O Be5 12.c3 Ne8 13.f4 Bf6 14.Nhf3 b5 15.e4 g6 16.e5 Bg7
17.c4 bxc4 18.dxc4 Nb6 19.Rac1 d4 20.Ne1 g5 21.Nd3 gxf4 22.gxf4 f5 23.Rf3 Kh8
24.Kh1 Rc7 25.Rh3 Qa8+ 26.Qf3 Qxf3+ 27.Nxf3 Rc6 28.Rg1 a5 29.Ng5 h6 30.Nxc5 Rxc5
31.Nxe6 Rc6 32.Nxd4 Rc8 33.Ne6 Rf7 34.Nxg7 Rxg7 35.Rxh6+ Kg8 36.Rxb6 Rd8
37.Bc3 a4 38.Rbg6 Rd3 39.R6g3  1-0

[Event "Corsica rap op"]
[Site "Corsica"]
[Date "1997.??.??"]
[Round "3"]
[White "Legky, Nikolay A"]
[Black "Blatny, Pavel"]
[Result "1-0"]
[WhiteElo "2490"]
[BlackElo "2555"]

1.d4 Nf6 2.Nf3 d6 3.c4 g6 4.Nc3 Bf5 5.d5 Bg7 6.Nd4 Bd7 7.e4 c5 8.Nf3 O-O
9.Bd3 Na6 10.O-O Nc7 11.a4 b6 12.h3 a6 13.Bf4 Rb8 14.e5 Nfe8 15.b3 b5 16.a5 bxc4
17.bxc4 Rb4 18.Re1 dxe5 19.Nxe5 Nd6 20.Qe2 Re8 21.Qe3 Rb3 22.Rac1 e6 23.Qxc5 Nb7
24.Qd4 exd5 25.cxd5 Bb5 26.Qb6 Ba4 27.Qa7 Nxd5 28.Nxd5 Qxa5 29.Bc4 Rb2 30.Nd3 Rxe1+
31.Rxe1 h5 32.Qa8+ Kh7 33.Ne7 Nd8 34.Bxf7  1-0

[Event "Corsica rap op"]
[Site "Corsica"]
[Date "1997.??.??"]
[Round "5"]
[White "Levacic, Patrick"]
[Black "Blatny, Pavel"]
[Result "0-1"]
[WhiteElo "2395"]
[BlackElo "2540"]

1.e4 g6 2.d4 c6 3.Nc3 d5 4.Nf3 Bg7 5.h3 Nf6 6.Bd3 dxe4 7.Nxe4 Nxe4 8.Bxe4 Nd7
9.O-O O-O 10.c3 e5 11.dxe5 Nxe5 12.Nxe5 Bxe5 13.Bh6 Re8 14.Qxd8 Rxd8 15.Rfe1 Bf6
16.Bc2 Be6 17.Bb3 Bd5 18.Be3 Kg7 19.Rad1 Bxb3 20.axb3 a6 21.Kf1 Rxd1 22.Rxd1 Rd8
23.Rxd8 Bxd8 24.Ke2 Kf6 25.Kd3 Ke6 26.Kc4 Be7 27.Bc5 b5+ 28.Kd4 Bf6+ 29.Ke4 Be5
30.Kd3 Kd5 31.Be3 c5 32.Bg5 c4+ 33.bxc4+ bxc4+ 34.Kc2 Ke4 35.Be7 a5 36.Bd8 a4
37.Be7 h5 38.Kd2 Bf4+ 39.Ke2 Bc1 40.Ba3 g5 41.Kd1 Bf4 42.Ke2 f5 43.Bb4 g4
44.f3+ Kd5 45.Kf2 Bc7 46.hxg4 fxg4 47.Ba3 Ke5 48.Bc5 Kf4 49.Be3+ Kf5 50.fxg4+ hxg4
51.Bd4 Kf4 52.Be3+ Ke4 53.Ke2 Bd6 54.Bh6 Bc5 55.Bc1 Kf5 56.Bh6 Ke6  0-1

[Event "Corsica rap op"]
[Site "Corsica"]
[Date "1997.??.??"]
[Round "6"]
[White "Blatny, Pavel"]
[Black "Costagliola, Marina"]
[Result "1-0"]
[WhiteElo "2555"]
[BlackElo "2310"]

1.Nf3 f5 2.e4 fxe4 3.Ng5 e5 4.d3 e3 5.Bxe3 Nc6 6.Be2 Nf6 7.Ne4 d5 8.Nxf6+ Qxf6
9.O-O Be7 10.Nc3 Be6 11.Bh5+ g6 12.Bg4 O-O 13.Bg5 Bxg4 14.Bxf6 Bxd1 15.Bxe7 Nxe7
16.Raxd1 Rad8 17.Rfe1 Nc6 18.Rd2 Rd7 19.Nd1 Kg7 20.Ne3 h5 21.Nf1 Rf4 22.c3 a5
23.Rde2 Rdf7 24.Nd2 b6 25.Nf3 R4f5 26.a3 a4 27.h3 Kf8 28.d4 exd4 29.Re6 R5f6
30.cxd4 Kg7 31.R6e3 Na5 32.Ng5 Rd7 33.Re8 Rf5 34.h4 Nc4 35.R1e2 c6 36.Rc8 Na5
37.Ree8 Kf6 38.Rf8+ Ke7 39.Rg8 Rf6 40.Nh7 Re6 41.Nf8 Re1+ 42.Kh2 Rd6 43.Rc7+ Kd8
44.Ne6+  1-0

[Event "CZE-chT 9697"]
[Site "CZE"]
[Date "1997.??.??"]
[Round "4"]
[White "Trichkov, Vasil"]
[Black "Blatny, Pavel"]
[Result "1/2-1/2"]
[WhiteElo "2365"]
[BlackElo "2540"]

1.d4 Nf6 2.Nf3 d6 3.g3 g6 4.Bg2 Bg7 5.c4 c6 6.O-O Qc7 7.Nc3 Nbd7 8.e4 e5
9.h3 O-O 10.Be3 exd4 11.Nxd4 a6 12.Rc1 Re8 13.Re1 Nc5 14.Qc2 Ne6 15.Nde2 b6
16.f4 Bb7 17.g4 h6 18.Qd2 Kh7 19.Ng3 Rad8 20.Qf2 Nd7 21.Red1 Qb8 22.f5 Nef8
23.g5 hxg5 24.Bxg5 Rc8 25.h4 Kg8 26.h5 Ne5 27.fxg6 fxg6 28.hxg6 Ne6 29.Be3 Rf8
30.Nf5 Rce8 31.Qh4 Nxg6 32.Qg3 Rf6 33.Rf1 Ref8 34.Bh3 Ne5 35.Nxg7 Nxg7 36.Rxf6 Rxf6
37.Bf5 Bc8 38.Rf1 Bxf5 39.Rxf5 Rg6 40.Rg5 Rxg5 41.Bxg5 Qf8 42.b3 Nh5 43.Qg2 Kh7
44.Kh1 Qg7 45.Ne2 Nd3 46.Be3 Qa1+ 47.Ng1 Qe5 48.Nf3 Qg3 49.Ng5+ Kg6 50.Qxg3 Nxg3+
51.Kg2 Ne2 52.Ne6 Nc3 53.Bxb6 Nxe4 54.Nc7 Nc1 55.Nxa6 Nxa2 56.Ba5 Kf5 57.b4 Ke6
58.b5 cxb5 59.cxb5 Kd7 60.Nb8+ Kc8 61.Nc6 Nac3 62.Kf3 d5 63.Ne7+  1/2-1/2

[Event "CZE-chT 9697"]
[Site "CZE"]
[Date "1997.??.??"]
[Round "5"]
[White "Konopka, Michal"]
[Black "Blatny, Pavel"]
[Result "0-1"]
[WhiteElo "2415"]
[BlackElo "2540"]

1.Nf3 d5 2.d4 e6 3.g3 Nd7 4.Bg2 b5 5.O-O Bb7 6.b3 b4 7.Bb2 Ngf6 8.Nbd2 a5
9.c4 bxc3 10.Bxc3 Bb4 11.Qc2 c5 12.a3 Rc8 13.Bxb4 cxb4 14.Qb2 Qb6 15.Rfc1 O-O
16.e3 Qd6 17.axb4 axb4 18.Ne5 Rxc1+ 19.Rxc1 Ra8 20.Nd3 Ba6 21.Ra1 Rb8 22.Bf1 Ne4
23.Nxe4 dxe4 24.Ne5 Bxf1 25.Nxd7 Qxd7 26.Rxf1 h5 27.Rc1 h4 28.Kg2 e5 29.h3 Qf5
30.Qe2 hxg3 31.fxg3 Rc8 32.Rc5 Qd7 33.Qc2 Re8 34.Rxe5 Rxe5 35.dxe5 Qf5 36.g4 Qf3+
37.Kh2 Kh7 38.Qd2 Qf1 39.Qxb4 Qe2+ 40.Kh1 Qxe3 41.Kg2 Qf3+ 42.Kh2 Qf2+ 43.Kh1 e3
44.Qe4+ g6 45.Qg2 Qe1+ 46.Qg1 Qe2 47.e6 fxe6 48.g5 Kg8 49.Qg2 Qd1+ 50.Kh2 Qxb3
51.Qa8+ Kf7 52.Kg3 e2+ 53.Kf2 e1=Q+ 54.Kxe1 Qe3+ 55.Kd1 Qxg5 56.Qf3+ Qf5
57.Qg3 Kf6 58.Qc3+ Kg5 59.Qg3+ Kh5 60.Ke2 g5 61.Ke3 Qc5+ 62.Ke2 Qc4+ 63.Kd1 Qf1+
64.Kc2 Qf4 65.Qc3 Qf5+ 66.Kd2 Kh4 67.Qh8+ Kg3 68.Qh5 e5 69.Qh6 Qf4+ 70.Ke1 e4
71.Qe6 e3  0-1

[Event "Groningen op"]
[Site "Groningen"]
[Date "1997.??.??"]
[Round "1"]
[White "Ernst, Sipke"]
[Black "Blatny, Pavel"]
[Result "1-0"]
[WhiteElo "2270"]
[BlackElo "2555"]

1.d4 Nf6 2.Nf3 d6 3.c4 g6 4.Nc3 Bf5 5.g3 Bg7 6.Bg2 c6 7.O-O Ne4 8.Nxe4 Bxe4
9.Ne1 Bxg2 10.Kxg2 d5 11.Qb3 Qd7 12.Nf3 dxc4 13.Qxc4 Qd5 14.Qd3 f5 15.Re1 Nd7
16.e4 fxe4 17.Qxe4 Qxe4 18.Rxe4 Nf6 19.Re2 Nd5 20.Bd2 O-O 21.Ng5 Rfc8 22.Ne6 Bf6
23.g4 b6 24.Rc1 Kf7 25.g5 Bh8 26.h4 Ke8 27.h5 Kd7 28.hxg6 hxg6 29.Kg3 Re8
30.Rh1 Rac8 31.Rh6 Rg8 32.Rh7 Rce8 33.b3 a5 34.Re1 a4 35.bxa4 Ra8 36.a5 Kd6
37.axb6 Rxa2 38.Bf4+ Nxf4 39.Nxf4 Bxd4 40.Re6+ Kc5 41.b7 Bxf2+ 42.Kf3 Kb5
43.Rhxe7 Ba7 44.Re8 Ra3+ 45.Kg4 Rg7 46.b8=Q+ Bxb8 47.Rxb8+ Kc5 48.Rc8 Ra6
49.Rxg6 Rd7 50.Rf6 Rd1 51.g6 Rg1+ 52.Kf5 Ra5 53.Rfxc6+ Kd4+ 54.Kf6 Ke4 55.Rc4+ Kf3
56.Ne6  1-0

[Event "Hawaii op"]
[Site "Hawaii"]
[Date "1997.??.??"]
[Round "2"]
[White "Blatny, Pavel"]
[Black "Weeramantry, Sunil"]
[Result "1-0"]
[WhiteElo "2540"]
[BlackElo "2265"]

1.Nf3 g6 2.c4 Bg7 3.Nc3 d6 4.g3 Nf6 5.d4 O-O 6.Bg2 Nc6 7.d5 Na5 8.Qd3 c5
9.O-O a6 10.e4 b5 11.Nd2 Rb8 12.Rb1 bxc4 13.Nxc4 Nxc4 14.Qxc4 Nd7 15.Bd2 Nb6
16.Qe2 Bd7 17.Rfe1 Na4 18.Nxa4 Bxa4 19.Bc3 Bxc3 20.bxc3 Qa5 21.Qd2 Rb6 22.e5 Rfb8
23.Rxb6 Qxb6 24.Qg5 Qc7 25.exd6 Qxd6 26.h4 Kf8 27.Qh6+ Kg8 28.h5 Bc2 29.Qg5 Rb1
30.Rxb1 Bxb1 31.a4 Bf5 32.a5 Kg7 33.h6+ Kf8 34.Qd2 Bc8 35.f4 f6 36.Qb2 Kf7
37.Qb6 g5 38.Qxd6 exd6 39.fxg5  1-0

[Event "Hawaii op"]
[Site "Hawaii"]
[Date "1997.??.??"]
[Round "6"]
[White "Blatny, Pavel"]
[Black "Shaked, Tal"]
[Result "1/2-1/2"]
[WhiteElo "2540"]
[BlackElo "2445"]

1.Nf3 Nf6 2.c4 g6 3.b3 Bg7 4.Bb2 d6 5.g3 c5 6.d4 Ne4 7.Nbd2 Qa5 8.Qc1 Nxd2
9.Qxd2 Qxd2+ 10.Kxd2 Nc6 11.e3 Bg4 12.Bg2 O-O 13.Kc1 Bxf3 14.Bxf3 cxd4 15.Bxc6 bxc6
16.exd4 d5 17.cxd5 cxd5 18.Re1 e6 19.Kd2 a5 20.Kd3 Rfb8 21.Ba3 Bf8 22.Bxf8 Kxf8
23.Rab1 Ke7 24.Rec1 Rc8 25.f4 Kd6 26.Rc3 Rxc3+ 27.Kxc3 f6 28.a3 Rc8+ 29.Kd3 Ra8
30.Rc1 Rb8 31.Kc3 e5 32.fxe5+ fxe5 33.dxe5+ Kxe5 34.Re1+ Kd6 35.Rf1 Ke5 36.Re1+ Kd6
37.Rf1 Ke5 38.Rf4 Rc8+ 39.Kd3 Rb8 40.b4 axb4 41.Rxb4 Ra8 42.a4 Ra7 43.h4 h5
44.Ke3 Ra6  1/2-1/2

[Event "US-op"]
[Site "Las Vegas"]
[Date "1997.??.??"]
[Round "1"]
[White "Blatny, Pavel"]
[Black "McVoy, C."]
[Result "1-0"]
[WhiteElo "2600"]
[BlackElo "2110"]

1.Nf3 e6 2.c4 d6 3.Nc3 c5 4.g3 Nd7 5.Bg2 Ne7 6.d4 Nf5 7.dxc5 dxc5 8.e4 Nd6
9.Qe2 Be7 10.O-O e5 11.Rd1 O-O 12.Bh3 Nb6 13.Bxc8 Qxc8 14.b3 Re8 15.Ba3 Bf8
16.Rd3 Qc6 17.Rad1 f6 18.Nh4 Nf7 19.Nf5 g6 20.Ne3 Ng5 21.Ned5 Nc8 22.h4 Nf7
23.Nb5 Rb8 24.Bc1 a6 25.Nbc7 Rd8 26.Qg4 Rd6 27.f4 f5 28.Qe2 fxe4 29.Qxe4 Ne7
30.fxe5 Nxd5 31.exd6 Nb4 32.Qxc6 bxc6 33.Bf4 Nxd3 34.Rxd3 a5 35.d7 Be7 36.Ne6 Ra8
37.Kg2 Nd8 38.Nxd8 Bxd8 39.Re3 a4 40.Re8+ Kf7 41.Bg5 axb3 42.axb3 Ra2+ 43.Kh3  1-0

[Event "US-op"]
[Site "Las Vegas"]
[Date "1997.??.??"]
[Round "6"]
[White "Szpisjak, Steven"]
[Black "Blatny, Pavel"]
[Result "0-1"]
[WhiteElo "2320"]
[BlackElo "2600"]

1.c4 e6 2.Nc3 d5 3.d4 Bb4 4.Nf3 Nf6 5.Bg5 h6 6.Bxf6 Qxf6 7.e3 Nc6 8.a3 Bxc3+
9.bxc3 O-O 10.Qc2 Na5 11.Ne5 Rd8 12.f4 b6 13.cxd5 exd5 14.Bd3 c5 15.dxc5 bxc5
16.Qa4 Qb6 17.Rb1 Qc7 18.O-O c4 19.Rb5 cxd3 20.Qxa5 Qxa5 21.Rxa5 Bf5 22.Rd1 Rac8
23.Nxd3 Rxc3 24.Nb4 Kf8 25.Rdxd5 Rxd5 26.Nxd5 Rc1+ 27.Kf2 Be4 28.Nb4 f5 29.Rxa7 Rb1
30.g3 Rb2+ 31.Ke1 Rxh2 32.a4 Rg2 33.a5 Rxg3 34.Kd2 Rg1 35.Rc7 Ra1 36.a6 Kg8
37.Rd7 h5 38.Kc3 h4 39.Kb2 Rb1+ 40.Ka3 h3 41.Rd2 Rc1 42.Kb2 Rg1 43.Kc3 Rg2
44.Rd1  0-1

[Event "Lazne Bohdanec"]
[Site "Lazne Bohdanec"]
[Date "1997.??.??"]
[Round "5"]
[White "Meduna, Eduard"]
[Black "Blatny, Pavel"]
[Result "1/2-1/2"]
[WhiteElo "2460"]
[BlackElo "2540"]

1.d4 d5 2.c4 c6 3.cxd5 cxd5 4.Nc3 Nf6 5.Nf3 Nc6 6.Bf4 Bf5 7.e3 e6 8.Bd3 Bxd3
9.Qxd3 Be7 10.O-O O-O 11.Rfc1 Rc8  1/2-1/2

[Event "Lazne Bohdanec"]
[Site "Lazne Bohdanec"]
[Date "1997.??.??"]
[Round "7"]
[White "Blatny, Pavel"]
[Black "Vokac, Marek"]
[Result "0-1"]
[WhiteElo "2540"]
[BlackElo "2485"]

1.b3 d6 2.g3 e5 3.Bg2 Nc6 4.Bb2 f5 5.e3 Nf6 6.d4 Bd7 7.h4 exd4 8.exd4 Qe7+
9.Ne2 f4 10.d5 Ne5 11.gxf4 Ng6 12.Qd4 Nh5 13.Bf3 Nhxf4 14.Nc3 Nxe2 15.Bxe2 Qe5
16.Qxe5+ Nxe5 17.Nb5 O-O-O 18.Nxa7+ Kb8 19.Nb5 Be7 20.Nd4 Bf6 21.O-O-O Rde8
22.Rde1 Rhf8 23.Bd1 c5 24.dxc6 bxc6 25.a4 Kc7 26.Bh5 g6 27.Bd1 Bd8 28.f3 Rf4
29.h5 gxh5 30.Ne2 Rf7 31.Rxh5 Nxf3 32.Reh1 h6 33.Nd4 Nxd4 34.Bxd4 Bg5+ 35.Kb2 c5
36.Bc3 Bc6 37.Rg1 Bf3 38.Bxf3 Rxf3 39.Bg7 Re6 40.Rh2 Rg6 41.Bh8 Bf6+ 42.Bxf6 Rxg1
43.Rxh6 Rg2 44.Rh7+ Kc6 45.Rg7 Rh2 46.Rg6 Kd7 47.a5 Rff2 48.b4 Rxc2+ 49.Kb3 Kc6
50.Bc3 Rc1 51.Be5 Rb1+ 52.Kc3 cxb4+ 53.Kd3 Rd1+ 54.Kc4 Rh4+ 55.Kb3 Re4 56.Bb2 Re2  0-1

[Event "Lazne Bohdanec"]
[Site "Lazne Bohdanec"]
[Date "1997.??.??"]
[Round "8"]
[White "Konopka, Michal"]
[Black "Blatny, Pavel"]
[Result "0-1"]
[WhiteElo "2415"]
[BlackElo "2530"]

1.d4 d5 2.Nf3 e6 3.g3 Nd7 4.Bg2 b5 5.O-O Bb7 6.e4 dxe4 7.Ng5 Ngf6 8.Nd2 Rb8
9.Ngxe4 Be7 10.c3 O-O 11.Qe2 Nxe4 12.Nxe4 Bd5 13.b3 Qc8 14.Rd1 Qb7 15.c4 bxc4
16.bxc4 Qa6 17.Bf1 Ba8 18.Bf4 Ba3 19.Rab1 Rxb1 20.Rxb1 c5 21.dxc5 f5 22.Nd2 e5
23.Bg5 Qc6 24.f3 e4 25.fxe4 Ne5 26.Bg2 Ng4 27.h3 Bxc5+ 28.Kh1 Qg6 29.Bf4 Qh5
30.Qf3 g5 31.Rb5 Nf2+ 32.Kg1 Nxh3+ 33.Kf1 g4 34.Qd3 Nxf4 35.gxf4 fxe4 36.Nxe4 Rxf4+
37.Ke1 Qe8 38.Rxc5 Bxe4 39.Qe2 Qf8 40.Rg5+ Bg6 41.c5 Qb8 42.Qe6+ Kg7 43.Qe5+ Qxe5+
44.Rxe5 Kf6 45.Re3 Rc4 46.c6 Rc1+ 47.Kf2 Rc2+ 48.Re2 Rxe2+ 49.Kxe2 Bf5 50.Kf2 h5
51.Kg3 Kg5 52.Bd5 h4+ 53.Kg2 Kf4 54.Kf2 a5 55.a4 h3 56.Kf1 Ke5 57.Bh1 Kd6
58.Kf2 Bc2 59.Kg3 Bxa4  0-1

[Event "Lazne Bohdanec"]
[Site "Lazne Bohdanec"]
[Date "1997.??.??"]
[Round "9"]
[White "Blatny, Pavel"]
[Black "Stocek, Jiri"]
[Result "1-0"]
[WhiteElo "2540"]
[BlackElo "2450"]

1.Nf3 Nf6 2.c4 e6 3.g3 a6 4.Bg2 b5 5.Nd4 c6 6.cxb5 axb5 7.O-O Qb6 8.Nc2 d5
9.d4 c5 10.dxc5 Bxc5 11.b4 Be7 12.Be3 Qb7 13.Nd2 O-O 14.Nb3 Na6 15.a3 Bd7
16.Na5 Qc7 17.Nd4 Ng4 18.Rc1 Qd6 19.Bd2 Rac8 20.e4 Nf6 21.e5 Qxe5 22.Nac6 Bxc6
23.Bf4 Qh5 24.Bf3 Qh3 25.Nxc6 Bd8 26.Qe2 Ra8 27.Qxb5 Kh8 28.Qb7 e5  1-0